Normal view
MARC view
Entry Personal Name
001 - CONTROL NUMBER
- control field: 246596
003 - CONTROL NUMBER IDENTIFIER
- control field: OSt
005 - DATE AND TIME OF LATEST TRANSACTION
- control field: 20251122095635.0
008 - FIXED-LENGTH DATA ELEMENTS
- fixed length control field: 251122|| aca||aabn | a|a d
040 ## - CATALOGING SOURCE
- Original cataloging agency: OSt
- Transcribing agency: OSt
100 ## - HEADING--PERSONAL NAME
- Personal name: RAMANNA SHETTI (A)
- Dates associated with a name: ರಾಮಣ್ಣ ಶೆಟ್ಟಿ (ಎ)
670 ## - SOURCE DATA FOUND
- Source citation: Work cat.: (OSt)141834: RAMANNA SHETTI (A) ರಾಮಣ್ಣ ಶೆಟ್ಟಿ (ಎ) , Hradaya vine